00972nam a22002657a 45000010005000000030006000050050017000110080041000280200018000690400029000870500014001160820011001301000019001412450141001602500043003012600038003443000050003824900040004325050008004725200117004805210021005975210020006186500033006387000035006715842FISKH20250124115527.0250124b cb ||||| |||| 00| 0 eng d a9780545442572 aFISKHbengcFISKHdFISKH aDT61.B676 a932.01 aBoyer, Crispin aEverything ancient Egypt :bDig into a treasure trove of facts, photos, and fun ! /cBy Chrispin Boyer with Egyptologist James P. Allen  aFirst Scholastic printing , March 2012 aNew York : bScholastic , c2012. a64 pages : bcolor illustrations ; c24 cm .  aNational Geographic Kids Everything aZ  aDiscusses the mysteries of ancient Egypt, and includes facts covering treasure, pyramids, mummies, and pharaohs.8 a1100 bLexile 8 aZ bRaz-Plus  aancient historyvnon-fiction aAllen, James P.eEgyptologist